000 00386 a2200169 4500
001 187969
020 _a978-85-359-1341-5
040 _cMagnum
100 _aSaramago, José
240 1 0 _aA viagem do elefante
_lpor
245 1 0 _aA viagem do elefante
300 _a256
362 0 _a2008
440 1 _aCompanhia das Letras
697 _aLITERATURA GERAL ESTRANGEIRA
942 _cBK
999 _c187969
_d187969